[Event "PRO League Group Stage"]
[Site "chess.com INT"]
[Date "2020.01.13"]
[Round "2"]
[White "Perez Ponsa, Federico"]
[Black "Hansen, Eric"]
[Result "1/2-1/2"]
[WhiteElo "2559"]
[BlackElo "2606"]
[PlyCount "291"]
[GameId "2130307599105992"]
[EventDate "2020.01.06"]
[EventType "team (rapid)"]
[EventRounds "7"]
[EventCountry "USA"]
[SourceTitle "The Week in Chess 1316"]
[Source "Mark Crowther"]
[SourceDate "2020.01.27"]
[SourceVersion "1"]
[SourceVersionDate "2020.01.27"]
[SourceQuality "2"]
[WhiteTeam "Argentina Krakens"]
[BlackTeam "Canada Chessbrahs"]

1. Nf3 d5 2. d4 Nf6 3. Bf4 c5 4. e3 Nc6 5. Nbd2 cxd4 6. exd4 Qb6 7. Nb3 Bg4 8. Be2 e6 9. O-O Be7 10. a4 a6 11. a5 Qd8 12. c3 O-O 13. Ne5 Bxe2 14. Qxe2 Rc8 15. Nd3 Nd7 16. Rfe1 Re8 17. Bg3 Bf8 18. h3 b6 19. axb6 Qxb6 20. Nbc1 a5 21. Qd1 Nf6 22. Bf4 Ne4 23. Qa4 Ra8 24. Ra2 Nd6 25. Nc5 Red8 26. N1d3 Nb7 27. Bg5 Re8 28. Nd7 Qa6 29. Nxf8 Rxf8 30. Qc2 Rac8 31. Qd2 Rfe8 32. Rea1 Qb5 33. Bf4 f6 34. Re1 Re7 35. Bg3 Rce8 36. Nf4 Nd6 37. Ng6 hxg6 38. Bxd6 Rd7 39. Bg3 e5 40. dxe5 fxe5 41. Raa1 Re6 42. Rad1 Qc4 43. Qg5 Rf7 44. Rd2 d4 45. Qg4 Rf5 46. Qe4 Re7 47. Kh2 a4 48. Qg4 Re6 49. Qe4 Re7 50. Ra1 Ra7 51. cxd4 Nxd4 52. Bxe5 Qe6 53. Rxd4 Rxe5 54. Qf4 Rea5 55. Rc1 g5 56. Qg3 Qf6 57. Rc8+ Kh7 58. Qd3+ Qf5 59. Qc4 Rf7 60. Qc2 Qxc2 61. Rxc2 Rb7 62. f3 Rab5 63. Rxa4 Rxb2 64. Rc5 R2b5 65. Rcc4 Rf7 66. Kg3 Rbf5 67. Ra6 Rf4 68. Rc5 R7f5 69. Rxf5 Rxf5 70. Kg4 g6 71. Ra7+ Kh6 72. Ra4 Rd5 73. Re4 Kg7 74. Rc4 Kh6 75. Kg3 Ra5 76. Rc2 Ra4 77. Kf2 Rb4 78. Ke3 Rb3+ 79. Ke4 Rb4+ 80. Kd5 Ra4 81. Re2 Kh5 82. Ke5 Ra5+ 83. Kf6 Kh6 84. Re5 Ra6+ 85. Re6 Ra5 86. Kf7 Ra7+ 87. Re7 Ra8 88. Re6 Ra7+ 89. Kf6 Ra5 90. Rd6 Rf5+ 91. Ke6 Ra5 92. Rd2 Kh5 93. Rd4 Ra2 94. Rg4 Kh6 95. Kf6 Ra6+ 96. Ke5 Ra5+ 97. Ke4 Ra3 98. Kd5 Ra5+ 99. Ke6 Ra6+ 100. Kf7 Ra7+ 101. Kf6 Ra6+ 102. Ke7 Ra7+ 103. Kd6 Ra6+ 104. Kc5 Ra2 105. Kb4 Rc2 106. Kb3 Rc8 107. Rc4 Re8 108. Kc3 Re2 109. Rg4 Kh5 110. Kd3 Ra2 111. Ke3 Kh6 112. h4 gxh4 113. Rxh4+ Kg5 114. Rg4+ Kf5 115. Kd3 g5 116. Ke3 Rb2 117. g3 Rb3+ 118. Kf2 Rb2+ 119. Kf1 Rb1+ 120. Kg2 Rb2+ 121. Kh3 Rf2 122. Ra4 Rxf3 123. Ra5+ Kf6 124. Kg4 Rb3 125. Rf5+ Kg6 126. Rxg5+ Kh7 127. Rf5 Kg6 128. Rf4 Rb1 129. Kh3 Rh1+ 130. Kg2 Rb1 131. Rf1 Rxf1 132. Kxf1 Kg5 133. Kf2 Kg4 134. Kg2 Kg5 135. Kf3 Kf5 136. g4+ Kg5 137. Kg3 Kg6 138. Kf4 Kf6 139. g5+ Kg6 140. Kg4 Kg7 141. Kf5 Kf7 142. g6+ Kg7 143. Kg5 Kg8 144. Kf6 Kf8 145. g7+ Kg8 146. Kg6 1/2-1/2

[Event "PRO League Group Stage"]
[Site "chess.com INT"]
[Date "2020.01.13"]
[Round "2"]
[White "Pichot, Alan"]
[Black "Hansen, Eric"]
[Result "0-1"]
[WhiteElo "2606"]
[BlackElo "2606"]
[PlyCount "162"]
[GameId "2130307599105995"]
[EventDate "2020.01.06"]
[EventType "team (rapid)"]
[EventRounds "7"]
[EventCountry "USA"]
[SourceTitle "The Week in Chess 1316"]
[Source "Mark Crowther"]
[SourceDate "2020.01.27"]
[SourceVersion "1"]
[SourceVersionDate "2020.01.27"]
[SourceQuality "2"]
[WhiteTeam "Argentina Krakens"]
[BlackTeam "Canada Chessbrahs"]

1. e4 e5 2. Nf3 Nc6 3. Bc4 Bc5 4. c3 Nf6 5. d3 d6 6. Nbd2 a6 7. Bb3 O-O 8. O-O Be6 9. Bc2 h6 10. Re1 Re8 11. Nf1 d5 12. exd5 Bxd5 13. Be3 Bxe3 14. Nxe3 Be6 15. Bb3 e4 16. dxe4 Nxe4 17. Bd5 Bxd5 18. Nxd5 Qd6 19. Qd3 Nc5 20. Qf5 Rxe1+ 21. Rxe1 g6 22. Nf6+ Kg7 23. Nh5+ gxh5 24. Qxh5 Nd3 25. Rd1 Qf4 26. g3 Qe4 27. Nh4 Ne7 28. Ng2 Rd8 29. Ne3 Rd6 30. Rd2 Ne5 31. Re2 Nf3+ 32. Kf1 Ng5 33. Kg1 Qf3 34. Qxf3 Nxf3+ 35. Kg2 Ng5 36. Nc4 Re6 37. Rd2 Nc6 38. Ne3 Kg6 39. Nd5 Rd6 40. Nf4+ Kg7 41. Re2 Ne6 42. Nh5+ Kf8 43. h4 Ne7 44. Kh2 Ng8 45. g4 Rd5 46. Ng3 Nf6 47. f3 Rd3 48. Rf2 Nf4 49. Nf5 h5 50. g5 N6d5 51. Kg3 c5 52. c4 Ne6 53. cxd5 Rxd5 54. Ne3 Rd3 55. Nc4 b5 56. Ne5 Rd1 57. f4 Nd4 58. f5 c4 59. Kf4 Re1 60. Rd2 Ne2+ 61. Kf3 Ng1+ 62. Kf4 Nh3+ 63. Kg3 Rxe5 64. Kxh3 Rxf5 65. Rd6 a5 66. Kg3 Rc5 67. Rb6 b4 68. Kf3 c3 69. bxc3 bxc3 70. Rb1 c2 71. Rc1 Ke7 72. Ke3 Ke6 73. Kd2 Kd5 74. Rf1 c1=Q+ 75. Rxc1 Rxc1 76. Kxc1 Ke4 77. Kb2 Kf4 78. Ka3 Kg4 79. Ka4 Kxh4 80. Kxa5 Kxg5 81. Kb5 h4 0-1

[Event "PRO League Group Stage"]
[Site "chess.com INT"]
[Date "2020.01.20"]
[Round "3"]
[White "Hansen, Eric"]
[Black "Diamant, Andre"]
[Result "1-0"]
[WhiteElo "2606"]
[BlackElo "2547"]
[PlyCount "45"]
[GameId "2130307599106071"]
[EventDate "2020.01.06"]
[EventType "team (rapid)"]
[EventRounds "7"]
[EventCountry "USA"]
[SourceTitle "The Week in Chess 1316"]
[Source "Mark Crowther"]
[SourceDate "2020.01.27"]
[SourceVersion "1"]
[SourceVersionDate "2020.01.27"]
[SourceQuality "2"]
[WhiteTeam "Canada Chessbrahs"]
[BlackTeam "Brazil Capybaras"]

1. e4 c5 2. Nf3 Nc6 3. Bb5 g6 4. O-O Bg7 5. Re1 e5 6. Bxc6 dxc6 7. d3 Qc7 8. a3 a5 9. h3 Nf6 10. Be3 b6 11. Nbd2 O-O 12. b4 axb4 13. axb4 Rxa1 14. Qxa1 cxb4 15. Qxe5 Qb7 16. Qd6 c5 17. Nc4 Nd7 18. Bc1 b5 19. Na5 Qb6 20. Nc6 Kh8 21. d4 cxd4 22. Bb2 Nb8 23. Bxd4 1-0

[Event "PRO League Group Stage"]
[Site "chess.com INT"]
[Date "2020.01.20"]
[Round "3"]
[White "Hansen, Eric"]
[Black "Disconzi da Silva, Rodrigo"]
[Result "1/2-1/2"]
[WhiteElo "2606"]
[BlackElo "2333"]
[PlyCount "82"]
[GameId "2130307599106072"]
[EventDate "2020.01.06"]
[EventType "team (rapid)"]
[EventRounds "7"]
[EventCountry "USA"]
[SourceTitle "The Week in Chess 1316"]
[Source "Mark Crowther"]
[SourceDate "2020.01.27"]
[SourceVersion "1"]
[SourceVersionDate "2020.01.27"]
[SourceQuality "2"]
[WhiteTeam "Canada Chessbrahs"]
[BlackTeam "Brazil Capybaras"]

1. e4 c5 2. Nf3 e6 3. d4 cxd4 4. Nxd4 a6 5. Bd3 Nf6 6. O-O Qc7 7. Re1 d6 8. a4 b6 9. c4 Bb7 10. Nc3 Nbd7 11. Nd5 exd5 12. exd5+ Ne5 13. f4 O-O-O 14. fxe5 dxe5 15. Nf5 Bc5+ 16. Kh1 h5 17. Nh4 Ng4 18. Bf5+ Kb8 19. Bxg4 hxg4 20. Qxg4 Bf2 21. Bg5 f6 22. Ng6 fxg5 23. Nxh8 Rxh8 24. Re4 g6 25. h3 Bc8 26. Qxg5 Bf5 27. Rae1 Bxe1 28. Rxe1 e4 29. Qf6 Re8 30. Re3 Kb7 31. b3 a5 32. g4 Qf4 33. Qc6+ Ka7 34. Qxe8 Qxe3 35. gxf5 Qxh3+ 36. Kg1 Qg3+ 37. Kf1 Qf3+ 38. Ke1 Qe3+ 39. Kf1 Qf3+ 40. Kg1 Qg3+ 41. Kf1 Qf3+ 1/2-1/2

[Event "PRO League Group Stage"]
[Site "chess.com INT"]
[Date "2020.01.27"]
[Round "4"]
[White "Hansen, Eric"]
[Black "Berchtenbreiter, Maximilian"]
[Result "1-0"]
[WhiteElo "2606"]
[BlackElo "2488"]
[PlyCount "107"]
[GameId "2130307599114367"]
[EventDate "2020.01.06"]
[EventType "team (rapid)"]
[EventRounds "7"]
[EventCountry "USA"]
[SourceTitle "The Week in Chess 1317"]
[Source "Mark Crowther"]
[SourceDate "2020.02.03"]
[SourceVersion "1"]
[SourceVersionDate "2020.02.03"]
[SourceQuality "2"]
[WhiteTeam "Canada Chessbrahs"]
[BlackTeam "U.K. Lions"]

1. e4 g6 2. d4 c6 3. c3 d5 4. Nd2 dxe4 5. Nxe4 Nf6 6. Bd3 Bg7 7. Nf3 O-O 8. O-O Nxe4 9. Bxe4 Nd7 10. Re1 c5 11. Be3 Qc7 12. h3 Nf6 13. Bc2 b6 14. Qe2 Bb7 15. Rad1 e6 16. c4 Rac8 17. b3 Ne4 18. Bxe4 Bxe4 19. dxc5 bxc5 20. Bg5 Ba8 21. Qe3 Rfe8 22. Rd2 f6 23. Bh4 e5 24. Red1 Rcd8 25. Rxd8 Rxd8 26. Rxd8+ Qxd8 27. Qxc5 Qd1+ 28. Kh2 Bxf3 29. gxf3 g5 30. Bg3 Qd7 31. h4 Bf8 32. Qa5 h6 33. Kg2 Kf7 34. hxg5 hxg5 35. c5 Qb7 36. Qc3 Qc6 37. b4 a6 38. Qd3 Bg7 39. Qe4 Qc8 40. Qd5+ Ke7 41. Qd6+ Kf7 42. Qb6 Bf8 43. a4 Qa8 44. c6 Ke6 45. a5 Bd6 46. b5 Kd5 47. c7 axb5 48. a6 Ke6 49. a7 g4 50. Qb8 Qxf3+ 51. Kh2 e4 52. c8=Q+ Kf7 53. Qg8+ Ke7 54. Qxd6# 1-0

[Event "PRO League Group Stage"]
[Site "chess.com INT"]
[Date "2020.01.27"]
[Round "4"]
[White "Hansen, Eric"]
[Black "Haria, Ravi"]
[Result "1/2-1/2"]
[WhiteElo "2606"]
[BlackElo "2450"]
[PlyCount "105"]
[GameId "2130307599114368"]
[EventDate "2020.01.06"]
[EventType "team (rapid)"]
[EventRounds "7"]
[EventCountry "USA"]
[SourceTitle "The Week in Chess 1317"]
[Source "Mark Crowther"]
[SourceDate "2020.02.03"]
[SourceVersion "1"]
[SourceVersionDate "2020.02.03"]
[SourceQuality "2"]
[WhiteTeam "Canada Chessbrahs"]
[BlackTeam "U.K. Lions"]

1. e4 e6 2. d4 d5 3. exd5 exd5 4. Bd3 Nc6 5. c3 Bd6 6. Qf3 Nge7 7. Ne2 Be6 8. Bf4 Qd7 9. Bxd6 Qxd6 10. Qg3 Qxg3 11. hxg3 Bf5 12. Bxf5 Nxf5 13. g4 Nd6 14. f3 O-O 15. Nf4 Ne7 16. Kf2 c6 17. Nd2 Ng6 18. Nd3 Rfe8 19. Rh5 Re7 20. Nf1 Rae8 21. Ng3 f6 22. Rah1 Nf8 23. Rd1 Nc4 24. Rhh1 g6 25. a4 Nd7 26. b3 Nd6 27. Nf4 Re3 28. Rc1 Nf8 29. Rhd1 R3e7 30. c4 dxc4 31. bxc4 Ne6 32. Nxe6 Rxe6 33. c5 Nf7 34. Rb1 R6e7 35. Ne4 Kg7 36. d5 cxd5 37. Rxd5 Rc8 38. a5 Rc6 39. Rd2 f5 40. gxf5 gxf5 41. Nd6 Nxd6 42. cxd6 Rd7 43. Rb5 Kf6 44. Kg3 b6 45. axb6 axb6 46. Rbd5 Ke6 47. Kf4 Rcxd6 48. Re5+ Kf6 49. Rxf5+ Kg6 50. Rg5+ Kf6 51. Rf5+ Kg6 52. Rg5+ Kf6 53. Rf5+ 1/2-1/2

[Event "PRO League Group Stage"]
[Site "chess.com INT"]
[Date "2020.02.03"]
[Round "5"]
[White "Dominguez Perez, Leinier"]
[Black "Hansen, Eric"]
[Result "1-0"]
[WhiteElo "2758"]
[BlackElo "2606"]
[PlyCount "75"]
[GameId "2130307599118549"]
[EventDate "2020.01.06"]
[EventType "team (rapid)"]
[EventRounds "7"]
[EventCountry "USA"]
[SourceTitle "The Week in Chess 1318"]
[Source "Mark Crowther"]
[SourceDate "2020.02.10"]
[SourceVersion "1"]
[SourceVersionDate "2020.02.10"]
[SourceQuality "2"]
[WhiteTeam "Saint Louis Arch Bishops"]
[BlackTeam "Canada Chessbrahs"]

1. e4 e5 2. Nf3 Nc6 3. Bb5 a6 4. Ba4 Nf6 5. O-O Be7 6. Re1 b5 7. Bb3 d6 8. a4 Bd7 9. Nc3 Na5 10. Ba2 b4 11. Nd5 Nxd5 12. exd5 O-O 13. d4 exd4 14. Nxd4 Bf6 15. Ne6 fxe6 16. dxe6 Kh8 17. exd7 Qxd7 18. Be6 Qd8 19. Qh5 Bd4 20. Be3 Bxe3 21. Rxe3 Qf6 22. Rf1 c5 23. Bd5 Rac8 24. Re6 g6 25. Qe2 Qd4 26. Rxd6 Rce8 27. Re6 Rd8 28. Bf3 Qxb2 29. Qxa6 b3 30. Qxa5 bxc2 31. Ree1 Qb4 32. Qc7 Rfe8 33. Rc1 Qc3 34. Bc6 Rc8 35. Qb7 Rf8 36. Be4 Qd4 37. Rxc2 Rb8 38. Qd5 1-0

[Event "PRO League Group Stage"]
[Site "chess.com INT"]
[Date "2020.02.03"]
[Round "5"]
[White "Hansen, Eric"]
[Black "Caruana, Fabiano"]
[Result "1/2-1/2"]
[WhiteElo "2606"]
[BlackElo "2842"]
[PlyCount "125"]
[GameId "2130307599118574"]
[EventDate "2020.01.06"]
[EventType "team (rapid)"]
[EventRounds "7"]
[EventCountry "USA"]
[SourceTitle "The Week in Chess 1318"]
[Source "Mark Crowther"]
[SourceDate "2020.02.10"]
[SourceVersion "1"]
[SourceVersionDate "2020.02.10"]
[SourceQuality "2"]
[WhiteTeam "Canada Chessbrahs"]
[BlackTeam "Saint Louis Arch Bishops"]

1. e4 e5 2. Nf3 Nc6 3. Bb5 a6 4. Ba4 Nf6 5. d3 d6 6. c3 g6 7. O-O Bg7 8. h3 O-O 9. Be3 Ne7 10. Nbd2 b5 11. Bc2 c5 12. d4 Nd7 13. dxe5 dxe5 14. a4 Bb7 15. Qe2 Bc6 16. Nb3 c4 17. Nc5 Qc7 18. Rfd1 Rfd8 19. axb5 axb5 20. Rxa8 Rxa8 21. b3 Nb6 22. Nd2 Ra2 23. Rc1 Nec8 24. bxc4 bxc4 25. Qd1 Nd6 26. Ra1 Rxa1 27. Qxa1 Bf8 28. Na6 Qb7 29. Nb4 Bd7 30. Qa5 Nbc8 31. Qxe5 Bg7 32. Qc5 Qb5 33. Qxb5 Nxb5 34. Nxc4 Nxc3 35. Nd5 Be6 36. Nxc3 Bxc3 37. Nb6 Nxb6 38. Bxb6 f5 39. f4 Kf7 40. Kf2 fxe4 41. Bxe4 h5 42. Kf3 Bf6 43. Ke3 Bf5 44. Bd5+ Be6 45. Bc6 Bf5 46. Bd4 Bxd4+ 47. Kxd4 Kf6 48. Be4 Be6 49. Bf3 g5 50. fxg5+ Kxg5 51. Ke5 Bxh3 52. gxh3 Kg6 53. h4 Kg7 54. Kf5 Kh8 55. Kg6 Kg8 56. Bd5+ Kh8 57. Be4 Kg8 58. Kxh5 Kh8 59. Kh6 Kg8 60. h5 Kh8 61. Kg6 Kg8 62. h6 Kh8 63. h7 1/2-1/2

[Event "PRO League Group Stage"]
[Site "chess.com INT"]
[Date "2020.02.03"]
[Round "5"]
[White "Hansen, Eric"]
[Black "So, Wesley"]
[Result "0-1"]
[WhiteElo "2606"]
[BlackElo "2770"]
[PlyCount "68"]
[GameId "2130307599118575"]
[EventDate "2020.01.06"]
[EventType "team (rapid)"]
[EventRounds "7"]
[EventCountry "USA"]
[SourceTitle "The Week in Chess 1318"]
[Source "Mark Crowther"]
[SourceDate "2020.02.10"]
[SourceVersion "1"]
[SourceVersionDate "2020.02.10"]
[SourceQuality "2"]
[WhiteTeam "Canada Chessbrahs"]
[BlackTeam "Saint Louis Arch Bishops"]

1. e4 e5 2. Nf3 Nc6 3. Bb5 a6 4. Ba4 Nf6 5. d3 b5 6. Bb3 Bc5 7. Nc3 d6 8. a3 h6 9. Nd5 Rb8 10. O-O O-O 11. h3 Nxd5 12. Bxd5 Ne7 13. Ba2 Ng6 14. Re1 Re8 15. c3 Be6 16. d4 Bxa2 17. Rxa2 Bb6 18. b3 Nh4 19. Nh2 Ng6 20. Nf3 Nh4 21. Nh2 Ng6 22. Ng4 a5 23. a4 b4 24. dxe5 h5 25. Ne3 Bxe3 26. Bxe3 bxc3 27. e6 Rxe6 28. Bd4 Qg5 29. Re3 h4 30. Rxc3 Nf4 31. Qf3 Rg6 32. Rxc7 Rxb3 33. Qg4 Nxh3+ 34. gxh3 Qh5 0-1

[Event "PRO League Group Stage"]
[Site "chess.com INT"]
[Date "2020.02.03"]
[Round "5"]
[White "Le Quang, Liem"]
[Black "Hansen, Eric"]
[Result "1-0"]
[WhiteElo "2713"]
[BlackElo "2606"]
[PlyCount "121"]
[GameId "2130307599118584"]
[EventDate "2020.01.06"]
[EventType "team (rapid)"]
[EventRounds "7"]
[EventCountry "USA"]
[SourceTitle "The Week in Chess 1318"]
[Source "Mark Crowther"]
[SourceDate "2020.02.10"]
[SourceVersion "1"]
[SourceVersionDate "2020.02.10"]
[SourceQuality "2"]
[WhiteTeam "Saint Louis Arch Bishops"]
[BlackTeam "Canada Chessbrahs"]

1. e4 c5 2. Nf3 e6 3. d4 cxd4 4. Nxd4 a6 5. c4 Nf6 6. Nc3 Qc7 7. Be2 Bb4 8. Qd3 Nc6 9. O-O O-O 10. Nxc6 dxc6 11. Rd1 e5 12. Qg3 Re8 13. Bg5 Nd7 14. h4 Kh8 15. h5 h6 16. Be3 Nf6 17. Qh4 Be7 18. Qg3 Bb4 19. Bf3 b5 20. a3 Bf8 21. Rac1 Qb8 22. cxb5 axb5 23. Na2 Bd7 24. Nb4 Qc8 25. Bc5 Re6 26. Nd3 Qc7 27. Bxf8 Rxf8 28. Nc5 Re7 29. Be2 Bc8 30. Rd2 Qb8 31. Rcd1 Qb6 32. b4 Rfe8 33. Rd6 Qc7 34. Qd3 Be6 35. Qc3 Bc8 36. Bf3 Kg8 37. a4 bxa4 38. Nxa4 Qb8 39. Nc5 Nd5 40. exd5 Qxd6 41. dxc6 Qc7 42. Be4 f5 43. Bd5+ Kh8 44. b5 e4 45. Qg3 f4 46. Qg6 e3 47. Be4 exf2+ 48. Kxf2 Rxe4 49. Nxe4 Qa7+ 50. Kf1 Rf8 51. Qd6 Kg8 52. Qd5+ Kh8 53. Qc5 Qf7 54. Nf2 f3 55. g4 Re8 56. Re1 Rd8 57. b6 Bxg4 58. Nxg4 f2 59. Nxf2 Qf3 60. c7 Rc8 61. Qd4 1-0

[Event "PRO League Group Stage"]
[Site "chess.com INT"]
[Date "2020.02.10"]
[Round "6"]
[White "Hansen, Eric"]
[Black "Tang, Andrew"]
[Result "1-0"]
[WhiteElo "2606"]
[BlackElo "2537"]
[PlyCount "75"]
[GameId "2130307599122765"]
[EventDate "2020.01.06"]
[EventType "team (rapid)"]
[EventRounds "7"]
[EventCountry "USA"]
[SourceTitle "The Week in Chess 1319"]
[Source "Mark Crowther"]
[SourceDate "2020.02.17"]
[SourceVersion "1"]
[SourceVersionDate "2020.02.17"]
[SourceQuality "2"]
[WhiteTeam "Canada Chessbrahs"]
[BlackTeam "Chicago Wind"]

1. e4 e5 2. Nf3 Nc6 3. Bb5 g6 4. d4 exd4 5. Bg5 Be7 6. Bxe7 Qxe7 7. Bxc6 dxc6 8. Qxd4 Nf6 9. Nc3 Bg4 10. Nd2 c5 11. Qe3 O-O-O 12. h3 Be6 13. O-O-O b6 14. f4 Kb8 15. Nf3 Bc8 16. Rhe1 Bb7 17. Rxd8+ Rxd8 18. g3 Ne8 19. b3 Nd6 20. g4 a6 21. a4 c4 22. e5 cxb3 23. exd6 Qxd6 24. cxb3 Bxf3 25. Kc2 h5 26. gxh5 gxh5 27. Rf1 Qg6+ 28. Kb2 Rd3 29. Qe8+ Kb7 30. Rf2 Qg3 31. Rc2 Qxf4 32. a5 Bc6 33. Qxc6+ Kxc6 34. Ne2+ Kb5 35. Nxf4 Rf3 36. axb6 cxb6 37. Nd5 Rxh3 38. Rc4 1-0

[Event "PRO League Group Stage"]
[Site "chess.com INT"]
[Date "2020.02.17"]
[Round "7"]
[White "Hansen, Eric"]
[Black "Guseinov, Gadir"]
[Result "0-1"]
[WhiteElo "2606"]
[BlackElo "2666"]
[PlyCount "126"]
[GameId "2130307599126975"]
[EventDate "2020.01.06"]
[EventType "team (rapid)"]
[EventRounds "7"]
[EventCountry "USA"]
[SourceTitle "The Week in Chess 1319"]
[Source "Mark Crowther"]
[SourceDate "2020.02.17"]
[SourceVersion "1"]
[SourceVersionDate "2020.02.17"]
[SourceQuality "2"]
[WhiteTeam "Canada Chessbrahs"]
[BlackTeam "New York Marshalls"]

1. e4 c5 2. Nf3 g6 3. d4 cxd4 4. Nxd4 Nc6 5. Nc3 Bg7 6. Be3 Nf6 7. Bc4 O-O 8. Bb3 d5 9. exd5 Na5 10. Nde2 a6 11. a4 Nxb3 12. cxb3 e6 13. dxe6 Bxe6 14. b4 Nd5 15. Bc5 Re8 16. O-O b6 17. Bd4 Nxb4 18. Bxg7 Kxg7 19. a5 Bc4 20. Qa4 bxa5 21. Rfd1 Qb6 22. Ng3 Rad8 23. Rxd8 Rxd8 24. h4 Nd3 25. Nce4 Qxb2 26. Qxa5 Qd4 27. Ra4 Re8 28. Qg5 Kh8 29. h5 f5 30. hxg6 fxe4 31. Rxc4 Qxf2+ 32. Kh2 Ne1 33. g7+ Kg8 34. Qd5+ Kxg7 35. Nh5+ Kf8 36. Qd6+ Re7 37. Qh6+ Kf7 38. Qg7+ Ke8 39. Qg8+ Kd7 40. Qc8+ Kd6 41. Qc6+ Ke5 42. Rc5+ Kd4 43. Qd5+ Ke3 44. Rc3+ Nd3 45. Qc5+ Kd2 46. Rc2+ Kd1 47. Qxf2 Nxf2 48. Rxf2 e3 49. Rf1+ Kd2 50. Ng3 e2 51. Nxe2 Kxe2 52. Rf5 Ra7 53. Ra5 Kd3 54. Kh3 Kc4 55. g4 Kb4 56. Ra1 a5 57. Kh4 a4 58. Rb1+ Kc3 59. Rc1+ Kb2 60. Rh1 a3 61. Rh2+ Kb3 62. Rh3+ Kb4 63. Rh1 a2 0-1

[Event "PRO League Group Stage"]
[Site "chess.com INT"]
[Date "2020.02.17"]
[Round "7"]
[White "Iturrizaga Bonelli, Eduardo"]
[Black "Hansen, Eric"]
[Result "1-0"]
[WhiteElo "2597"]
[BlackElo "2606"]
[PlyCount "127"]
[GameId "2130307599126982"]
[EventDate "2020.01.06"]
[EventType "team (rapid)"]
[EventRounds "7"]
[EventCountry "USA"]
[SourceTitle "The Week in Chess 1319"]
[Source "Mark Crowther"]
[SourceDate "2020.02.17"]
[SourceVersion "1"]
[SourceVersionDate "2020.02.17"]
[SourceQuality "2"]
[WhiteTeam "New York Marshalls"]
[BlackTeam "Canada Chessbrahs"]

1. c4 e6 2. g3 d5 3. Bg2 dxc4 4. Nf3 Nf6 5. Qa4+ Nbd7 6. Qxc4 a6 7. Qc2 c5 8. a4 b6 9. Nc3 Bb7 10. O-O Be7 11. Rd1 O-O 12. b3 Rc8 13. Bb2 Qc7 14. Rac1 Rfd8 15. d3 Qb8 16. e3 b5 17. axb5 axb5 18. Qe2 Bc6 19. h3 h6 20. g4 Qb7 21. Ne1 Bxg2 22. Nxg2 Ne5 23. f4 Nc6 24. g5 hxg5 25. fxg5 Nh7 26. Ne4 Nxg5 27. Nxg5 Bxg5 28. Rxc5 f5 29. Qh5 Bh6 30. Qg6 Qd7 31. Qg3 Ne7 32. Rxc8 Rxc8 33. Rd2 Qd5 34. Nf4 Qd6 35. Bxg7 Bxf4 36. exf4 Kf7 37. Rg2 Rg8 38. Qg5 Ke8 39. Kh1 Qxd3 40. Qh5+ Kd7 41. Kh2 Qd6 42. Qf3 Nd5 43. Be5 Rxg2+ 44. Qxg2 Qe7 45. Qf2 Ke8 46. h4 Qh7 47. Qg3 Kf7 48. Qg5 Ke8 49. h5 Ne3 50. Kg3 Ng4 51. Bg7 Kf7 52. Bb2 Ke8 53. Kh4 Ne3 54. Ba3 Nd5 55. Bc5 Kd7 56. b4 Kc6 57. h6 Qh8 58. Qg7 Qb8 59. Qe5 Qd8+ 60. Kh3 Qe8 61. Kh4 Qd8+ 62. Kg3 Qe8 63. Kf2 Qg6 64. h7 1-0

[Event "PRO League Group Stage"]
[Site "chess.com INT"]
[Date "2020.02.17"]
[Round "7"]
[White "Moranda, Wojciech"]
[Black "Hansen, Eric"]
[Result "1/2-1/2"]
[WhiteElo "2601"]
[BlackElo "2606"]
[PlyCount "56"]
[GameId "2130307599127001"]
[EventDate "2020.01.06"]
[EventType "team (rapid)"]
[EventRounds "7"]
[EventCountry "USA"]
[SourceTitle "The Week in Chess 1319"]
[Source "Mark Crowther"]
[SourceDate "2020.02.17"]
[SourceVersion "1"]
[SourceVersionDate "2020.02.17"]
[SourceQuality "2"]
[WhiteTeam "New York Marshalls"]
[BlackTeam "Canada Chessbrahs"]

1. d4 Nf6 2. c4 e6 3. Nf3 d5 4. Nc3 Be7 5. Bf4 O-O 6. e3 c5 7. dxc5 Bxc5 8. a3 Be7 9. Be2 dxc4 10. Bxc4 a6 11. O-O b5 12. Ba2 Bb7 13. Qe2 Nbd7 14. Rad1 Qb6 15. e4 Rfd8 16. Bg5 h6 17. Bh4 Qc5 18. Rfe1 Qh5 19. Bg3 Nc5 20. e5 Nfe4 21. Nxe4 Bxe4 22. b4 Bxf3 23. gxf3 Na4 24. Rc1 Rac8 25. Qe3 Nb2 26. Qe2 Na4 27. Qe3 Nb2 28. Qe2 Na4 1/2-1/2

[Event "Wch Blitz"]
[Site "Moscow RUS"]
[Date "2019.12.29"]
[Round "11.33"]
[White "Hansen, Eric"]
[Black "Zhigalko, Sergei"]
[Result "1-0"]
[WhiteElo "2606"]
[BlackElo "2571"]
[PlyCount "95"]
[GameId "2130307599381775"]
[EventDate "2019.12.29"]
[EventType "swiss (blitz)"]
[EventRounds "21"]
[EventCountry "RUS"]
[SourceTitle "10 Days #601"]
[Source "ChessMix"]
[SourceDate "2020.01.01"]
[SourceVersion "1"]
[SourceVersionDate "2020.01.01"]
[SourceQuality "1"]

1. e4 c6 2. Nf3 d5 3. d3 dxe4 4. dxe4 Qxd1+ 5. Kxd1 Bg4 6. Nbd2 Nf6 7. Be2 Nbd7 8. Ne1 Bxe2+ 9. Kxe2 e6 10. a4 Bd6 11. f3 h5 12. Nd3 O-O-O 13. Nc4 Bc7 14. Be3 Kb8 15. b4 Ne8 16. b5 Nd6 17. Nxd6 Bxd6 18. bxc6 bxc6 19. Rab1+ Kc7 20. a5 Ra8 21. f4 e5 22. f5 a6 23. h3 Rab8 24. Kf3 Rb5 25. Bd2 Rhb8 26. Ra1 Nc5 27. g4 Nxd3 28. cxd3 Rb2 29. Be3 R8b3 30. Rad1 h4 31. g5 Ra2 32. Bb6+ Kb7 33. Kg4 Rg2+ 34. Kxh4 Be7 35. Be3 Re2 36. Rb1 Rb5 37. Rbe1 Rg2 38. Rhg1 Rxg1 39. Rxg1 Rxa5 40. Kg4 Ra3 41. Rd1 Ra2 42. h4 g6 43. fxg6 fxg6 44. Rf1 Kc8 45. Rf7 Kd8 46. Rg7 Ra3 47. Bb6+ Ke8 48. Rxe7+ 1-0

[Event "Wch Rapid"]
[Site "Moscow RUS"]
[Date "2019.12.26"]
[Round "1.76"]
[White "Tsoi, Dmitry"]
[Black "Hansen, Eric"]
[Result "0-1"]
[WhiteElo "2321"]
[BlackElo "2606"]
[PlyCount "64"]
[GameId "2130307599829414"]
[EventDate "2019.12.26"]
[EventType "swiss (rapid)"]
[EventRounds "15"]
[EventCountry "RUS"]
[SourceTitle "10 Days #601"]
[Source "ChessMix"]
[SourceDate "2020.01.01"]
[SourceVersion "1"]
[SourceVersionDate "2020.01.01"]
[SourceQuality "1"]

1. f4 Nf6 2. Nf3 g6 3. d3 d5 4. g3 Bg7 5. Bg2 O-O 6. O-O c5 7. Qe1 d4 8. c4 Nc6 9. Na3 Ne8 10. Bd2 a5 11. Nc2 Nd6 12. b3 Rb8 13. a3 b5 14. Ne5 Nxe5 15. fxe5 Bxe5 16. Bxa5 Qd7 17. b4 bxc4 18. bxc5 Nf5 19. Bb6 Qa4 20. Rxf5 Bxf5 21. Nb4 Rfc8 22. dxc4 Qb3 23. Nd3 Bc7 24. Qb1 Qxc4 25. a4 Qe6 26. Qf1 Bxb6 27. cxb6 Qxb6 28. a5 Qa6 29. Nf4 Rc5 30. Nd5 Qd6 31. Qf4 e5 32. Qf3 e4 0-1